00707nam a22001817a 450000500170000000800410001702000180005804000290007605000220010524500420012726000310016930000230020065000610022365000450028494200150032995201640034499900170050820260619103702.0260618b |||||||| |||| 00| 0 eng d a0-385-48119-5 cChuka University Library aLB 1571 bW4 1997 aWhat your first grader needs to know  aNew YorkbDouble dayc1997 a342p.bIllustrated aFirst Grade (education) ...united state curriculm930331 aCurriculum planning united states926921 2lcccBKn0 00102lcc40708LGLaCHKbCHKcGENd2026-06-18eDonations from Books for Africag6858.50l0oLB 1571. W4 1997p35374/2026r2026-06-18 16:08:46w2026-06-18yBK c24848d24848